| 000 | 00971nam a2200241 i 4500 | ||
|---|---|---|---|
| 001 | 48028 | ||
| 003 | ES-MaACL | ||
| 005 | 20251013234626.0 | ||
| 007 | t| | ||
| 008 | 981126s1862 be ||||1| fre d | ||
| 040 |
_aCAM _bspa _cCCPB |
||
| 100 | 1 |
_aCrowe, Joseph Archer, _d1825-1896 _941742 |
|
| 245 | 1 | 4 |
_aLes anciens peintres flamands _b: leur vie et leurs oeuvres / _cpar J. A. Crowe et G. B. Cavalcaselle ; traduit de l'anglais par O. Delepierre ; annoté et argumenté ... par Alex Pinchart et Ch. Ruelens. |
| 260 |
_aBruxelles : _bF. Heusner, _c1862 ( _fEmm. Devroye) |
||
| 300 |
_a2 t. en 1 v. ; _c23 cm. |
||
| 650 | 4 |
_aPintores- _zPaíses Bajos. _9167376 |
|
| 700 | 1 |
_aCavalcaselle, Giovanni Battista, _d1820-1897 _937143 |
|
| 700 | 1 |
_aDelepierre, Octave ( _d1802-1879) _943368 |
|
| 700 | 1 |
_aPinchart, Alexandre, _d1823-1884 _992078 |
|
| 700 | 1 |
_aRuelens, Charles-Louis ( _d1820-1890) _9100532 |
|
| 852 |
_aES-MaACL _jG-8144 |
||
| 999 |
_c48028 _d48028 |
||